| 000 | 00556nam a2200193Ia 4500 | ||
|---|---|---|---|
| 005 | 20250508163535.0 | ||
| 008 | 008 250505s9999 xx 000 0 eng d | ||
| 020 | _a81-202-2091-0 | ||
| 037 | _aTextual | ||
| 040 |
_aFEDL _beng _cFEDL |
||
| 041 |
_aeng _2eng |
||
| 084 |
_a320, SUS _qFEDL |
||
| 100 |
_aSushila R. _9120426 |
||
| 245 | 0 | _aLiberty, equality and social justice : Rawls' political theory | |
| 260 |
_aDelhi, India _bAjanta Publications _c1990 |
||
| 300 | _axi,252p. | ||
| 942 |
_cTEXL _h320, SUS |
||
| 999 |
_c1383971 _d1383971 |
||